Los derechos humanos del orden jurídico mexicano en la Constitución Política de México y en los tratados internacionales : (Record no. 193262)

MARC details
000 -CABECERA
campo de control de longitud fija 00942nam a2200241 u 4500
005 - FECHA Y HORA DE LA ÚLTIMA TRANSACCIÓN
campo de control 20220623064256.0
008 - ELEMENTOS DE LONGITUD FIJA--INFORMACIÓN GENERAL
campo de control de longitud fija 171019s2016 mx r 000 0 spa d
020 ## - NÚMERO INTERNACIONAL NORMALIZADO PARA LIBROS
Número Internacional Estándar del Libro 9786075240466
035 ## - NÚMERO DE CONTROL DEL SISTEMA
Número de control de sistema UPN01000221163
049 ## - COLECCIÓN
Colección CG
050 #4 - SIGNATURA TOPOGRÁFICA DE LA BIBLIOTECA DEL CONGRESO
Número de clasificación KGF3003
Número de documento/Ítem S6.3
100 1# - ASIENTO PRINCIPAL--NOMBRE PERSONAL
Nombre de persona Soberanes Díez, José María,
Fechas asociadas al nombre 1982-
9 (RLIN) 41113
245 14 - MENCIÓN DE TÍTULO
Título Los derechos humanos del orden jurídico mexicano en la Constitución Política de México y en los tratados internacionales :
Resto del título sus antecedentes y evolución /
Mención de responsabilidad, etc. José María Soberanes Díez, José Luis Soberanes Fernández.
260 ## - PUBLICACIÓN, DISTRIBUCIÓN, ETC.
Lugar de publicación, distribución, etc. México :
Nombre del editor, distribuidor, etc. Miguel Angel Porrúa,
Fecha de publicación, distribución, etc. c2016.
300 ## - DESCRIPCIÓN FÍSICA
Extensión 246 p.
440 #3 - MENCIÓN DE SERIE/ASIENTO SECUNDARIO--TÍTULO
Título El derecho
650 #2 - ASIENTO SECUNDARIO DE MATERIA - TERMINO TEMATICO
Término de materia o nombre geográfico como elemento de entrada Derechos civiles
Subdivisión geográfica México
9 (RLIN) 5184
651 #4 - ASIENTO SECUNDARIO DE MATERIA - NOMBRE GEOGRAFICO
Nombre geográfico MEXICO -
Subdivisión general DERECHO CONSTITUCIONAL
9 (RLIN) 10986
650 #4 - ASIENTO SECUNDARIO DE MATERIA - TERMINO TEMATICO
Término de materia o nombre geográfico como elemento de entrada DERECHO INTERNACIONAL Y DERECHOS HUMANOS
9 (RLIN) 26330
700 1# - ASIENTO SECUNDARIO--NOMBRE DE PERSONAL
Nombre de persona Soberanes Fernández, José Luis,
Fechas asociadas al nombre 1950-
Término indicativo de función/relación coaut.
9 (RLIN) 35416
905 ## - TIPO DE MATERIAL
Tipo de material Libro
Holdings
Estado de retiro Estado de pérdida Fuente del sistema de clasificación o colocación Estado dañado No para préstamo Código de colección Localización permanente Ubicación/localización actual Ubicación en estantería Total de préstamos Clasificación Código de barras Fecha visto por última vez Número de copia Tipo de ítem Koha
    Library of Congress Classification     Colección General Bib. Gregorio Torres Quintero Bib. Gregorio Torres Quintero Planta baja 1 KGF3003 S6.3 320530 31/12/2020 1 Libro
    Library of Congress Classification     Colección General Bib. Gregorio Torres Quintero Bib. Gregorio Torres Quintero Planta baja 2 KGF3003 S6.3 320531 31/12/2020 1 Libro